000 00217 a2200097 4500
001 42919
100 _aGledhill Alan
245 _aThe state of Pakistan
260 _aLondon
_bFaber & Faber
_c
090 _c26803
_d26803
942 _aNUST-CAE
_cM
_c18673
999 _c277992
_d277992